[Event "CAN-op U1400"]
[Site "Sault Ste Marie CAN"]
[Date "2017.07.12"]
[Round "4"]
[White "Wang, Arthur D"]
[Black "Yuan, Henry"]
[Result "0-1"]
[WhiteElo "634"]
[BlackElo "961"]
[WhiteFideId "-1"]
[WhiteFideId "-1"]
[PlyCount "74"]
[GameId "2160767908343987"]
[EventDate "2017.07.08"]
[EventType "swiss"]
[EventRounds "9"]
[EventCountry "CAN"]
[SourceTitle "EXT 2022"]
[Source "ChessBase"]
[SourceDate "2021.10.06"]
[SourceVersion "1"]
[SourceVersionDate "2021.10.06"]
[SourceQuality "1"]

1. d4 Nf6 2. Nf3 g6 3. e3 Bg7 4. Bd3 O-O 5. O-O Nc6 6. b3 d5 7. Bb2 Nb4 8. Be2 Bf5 9. c4 Nc2 10. Nbd2 Nxa1 11. Bxa1 e6 12. cxd5 exd5 13. Re1 Ne4 14. Nxe4 dxe4 15. Ne5 a6 16. d5 f6 17. Nc4 b5 18. Nd2 Qxd5 19. Nb1 Qc6 20. h3 Rad8 21. Qc1 Qb7 22. Nc3 Rd6 23. Nd1 Rfd8 24. Bb2 Rc6 25. Qb1 b4 26. g4 Be6 27. Qxe4 f5 28. gxf5 Bxf5 29. Qh4 g5 30. Qxg5 Rg6 31. Qxg6 Bxg6 32. Bxg7 Kxg7 33. Rf1 Rd2 34. Bc4 Bh5 35. f3 Bxf3 36. Nf2 Bh1 37. Nxh1 Qg2# 0-1

[Event "CAN-op U1400"]
[Site "Sault Ste Marie CAN"]
[Date "2017.07.12"]
[Round "4"]
[White "Warusa, Kalan"]
[Black "Jiang, William"]
[Result "1-0"]
[WhiteElo "836"]
[BlackElo "659"]
[WhiteFideId "-1"]
[WhiteFideId "-1"]
[PlyCount "37"]
[GameId "2160767908343988"]
[EventDate "2017.07.08"]
[EventType "swiss"]
[EventRounds "9"]
[EventCountry "CAN"]
[SourceTitle "EXT 2022"]
[Source "ChessBase"]
[SourceDate "2021.10.06"]
[SourceVersion "1"]
[SourceVersionDate "2021.10.06"]
[SourceQuality "1"]

1. e4 c5 2. Nf3 d6 3. d4 cxd4 4. Nxd4 a6 5. Nc3 Nf6 6. Be3 Qb6 7. Rb1 Nbd7 8. Be2 Qc7 9. O-O b5 10. Qd2 Bb7 11. Rfe1 Nxe4 12. Nxe4 Bxe4 13. Bf3 Nf6 14. Bg5 h6 15. Bxf6 Bxf3 16. Nxf3 gxf6 17. Rbd1 Rg8 18. Qxd6 Qxc2 19. Qd7# 1-0

[Event "CAN-op U1400"]
[Site "Sault Ste Marie CAN"]
[Date "2017.07.12"]
[Round "4.56"]
[White "Yang, Henry"]
[Black "Dong, Yiwei"]
[Result "0-1"]
[WhiteElo "1318"]
[BlackElo "1256"]
[WhiteFideId "-1"]
[WhiteFideId "-1"]
[PlyCount "134"]
[GameId "2160767908343989"]
[EventDate "2017.07.08"]
[EventType "swiss"]
[EventRounds "9"]
[EventCountry "CAN"]
[SourceTitle "hb 2017"]

1. e4 e6 2. d4 d5 3. Nc3 Bb4 4. exd5 exd5 5. Nf3 Nf6 6. Bg5 O-O 7. Be2 h6 8. Bxf6 Qxf6 9. O-O Bxc3 10. bxc3 Nc6 11. h3 Bf5 12. Bd3 Rfe8 13. Bxf5 Qxf5 14. Qd2 Re7 15. Rfe1 Rae8 16. Kf1 Na5 17. Rxe7 Rxe7 18. Re1 Nc4 19. Qc1 Rxe1+ 20. Kxe1 Qg6 21. Kf1 Qa6 22. Qa1 Ne3+ 23. Kg1 Nxc2 24. Qb2 Na3 25. Ne5 Nc4 26. Nxc4 dxc4 27. Qe2 Qe6 28. Qb2 b6 29. Kf1 Kf8 30. Qb4+ Qd6 31. Qxc4 Qd7 32. Ke2 c6 33. Qb4+ Qe7+ 34. Qxe7+ Kxe7 35. c4 Ke6 36. Kd3 b5 37. d5+ Kd6 38. cxb5 cxb5 39. Kd4 f6 40. f3 g6 41. g3 f5 42. f4 h5 43. a3 a6 44. h4 a5 45. Kc3 Kxd5 46. Kd3 b4 47. axb4 axb4 48. Ke3 b3 49. Kd3 b2 50. Kc2 b1=Q+ 51. Kxb1 Ke4 52. Kc2 Kf3 53. Kd3 Kxg3 54. Ke3 Kxh4 55. Kf3 g5 56. Ke3 g4 57. Kd4 g3 58. Ke5 g2 59. Kxf5 g1=Q 60. Kf6 Qg4 61. Kf7 Qxf4+ 62. Kg7 Qf5 63. Kh8 Qg5 64. Kh7 Kg4 65. Kh8 Kf5 66. Kh7 Kf6 67. Kh8 Qg7# 0-1

[Event "CAN-op U1400"]
[Site "Sault Ste Marie CAN"]
[Date "2017.07.12"]
[Round "4.61"]
[White "Wang, Daniel"]
[Black "Wang, Daniel Z"]
[Result "1-0"]
[WhiteElo "1285"]
[BlackElo "980"]
[WhiteFideId "-1"]
[WhiteFideId "-1"]
[PlyCount "127"]
[GameId "2160767908343990"]
[EventDate "2017.07.08"]
[EventType "swiss"]
[EventRounds "9"]
[EventCountry "CAN"]
[SourceTitle "hb 2017"]

1. e4 c5 2. c3 d5 3. exd5 Qxd5 4. d4 cxd4 5. cxd4 g6 6. Nc3 Qd8 7. Nf3 Bg7 8. Bc4 Nc6 9. Be3 Nf6 10. h3 e6 11. O-O O-O 12. Rc1 Bd7 13. d5 exd5 14. Nxd5 Nxd5 15. Qxd5 Bf5 16. b3 Qxd5 17. Bxd5 Bd7 18. Bc5 Rfd8 19. Bc4 Rac8 20. Rfd1 b6 21. Ba6 Bh6 22. Bxc8 Bxc1 23. Bxd7 bxc5 24. Rxc1 Rxd7 25. Rxc5 Nd4 26. Ne5 Re7 27. Kf1 Kg7 28. Nc6 Nxc6 29. Rxc6 Re4 30. f3 Rb4 31. Ra6 Rb7 32. Ke2 Kf8 33. Kd3 Rc7 34. b4 Ke7 35. b5 Kd7 36. Kd4 Ke7 37. a4 Kd7 38. a5 Rb7 39. b6 axb6 40. Rxb6 Rxb6 41. axb6 Kc6 42. Ke5 f5 43. Kf6 Kxb6 44. Kg7 Kc7 45. Kxh7 Kd7 46. Kxg6 Ke7 47. Kxf5 Kf7 48. h4 Kg8 49. g4 Kh8 50. g5 Kg8 51. h5 Kh8 52. Kg6 Kg8 53. h6 Kh8 54. Kf7 Kh7 55. g6+ Kxh6 56. g7 Kh5 57. g8=Q Kh4 58. Kf6 Kh3 59. Qg4+ Kh2 60. Ke5 Kh1 61. Ke4 Kh2 62. Ke3 Kh1 63. Kf2 Kh2 64. Qh5# 1-0

[Event "CAN-op U1400"]
[Site "Sault Ste Marie CAN"]
[Date "2017.07.13"]
[Round "5"]
[White "Bai, Kingsley"]
[Black "Li, Gabriel"]
[Result "0-1"]
[WhiteElo "652"]
[BlackElo "813"]
[WhiteFideId "-1"]
[WhiteFideId "-1"]
[PlyCount "102"]
[GameId "2160767908343991"]
[EventDate "2017.07.08"]
[EventType "swiss"]
[EventRounds "9"]
[EventCountry "CAN"]
[SourceTitle "EXT 2022"]
[Source "ChessBase"]
[SourceDate "2021.10.06"]
[SourceVersion "1"]
[SourceVersionDate "2021.10.06"]
[SourceQuality "1"]

1. d4 e5 2. Nf3 Nf6 3. e3 exd4 4. exd4 Be7 5. Bd3 O-O 6. O-O Nc6 7. c3 Re8 8. Bc2 Bf8 9. Qd3 d5 10. Bg5 g6 11. Bxf6 Qxf6 12. Nbd2 Bf5 13. Qb5 Bxc2 14. Qxb7 Bd6 15. g3 Ne7 16. Rac1 Bd3 17. Rfe1 Reb8 18. Qxb8+ Rxb8 19. Re3 Bb5 20. Rce1 Bd7 21. b4 Bb5 22. g4 Nc8 23. g5 Qg7 24. Ne5 Nb6 25. Nb3 Nc4 26. Nxc4 Bxc4 27. Re8+ Rxe8 28. Rxe8+ Bf8 29. Nc5 Bb5 30. Rb8 Bc6 31. b5 Bxb5 32. Rxb5 Bxc5 33. Rxc5 f6 34. gxf6 Qxf6 35. Rxc7 Qb6 36. Rc8+ Kg7 37. Re8 Qb1+ 38. Kg2 Qxa2 39. Re7+ Kh6 40. h4 Qa3 41. Kg3 Qxe7 42. f4 Qe3+ 43. Kg4 Qc1 44. Kg3 a5 45. Kg4 a4 46. Kf3 a3 47. Ke2 a2 48. Kd3 a1=Q 49. Ke2 Qaxc3 50. Kf2 Q3e3+ 51. Kg2 Qcg1# 0-1

[Event "CAN-op U1400"]
[Site "Sault Ste Marie CAN"]
[Date "2017.07.13"]
[Round "5"]
[White "Chakkoli, Anirud"]
[Black "Wang, Arthur D"]
[Result "1-0"]
[WhiteElo "1174"]
[BlackElo "634"]
[WhiteFideId "-1"]
[WhiteFideId "-1"]
[PlyCount "95"]
[GameId "2160767908343992"]
[EventDate "2017.07.08"]
[EventType "swiss"]
[EventRounds "9"]
[EventCountry "CAN"]
[SourceTitle "EXT 2022"]
[Source "ChessBase"]
[SourceDate "2021.10.06"]
[SourceVersion "1"]
[SourceVersionDate "2021.10.06"]
[SourceQuality "1"]

1. e4 c5 2. Nf3 d6 3. d4 cxd4 4. Nxd4 Nf6 5. Nc3 g6 6. Bc4 Bg7 7. Be3 O-O 8. f3 Nc6 9. Qd2 Bd7 10. O-O-O Rc8 11. Be2 Ne5 12. Kb1 Nc4 13. Bxc4 Rxc4 14. b3 Rc8 15. g4 h5 16. h3 e5 17. Nde2 a5 18. Qxd6 Rc6 19. Qd2 Qc7 20. g5 Nh7 21. Nb5 Qd8 22. Qxd7 Qxd7 23. Rxd7 Rb8 24. Rhd1 Rcc8 25. Re7 Rf8 26. Rdd7 Rbe8 27. f4 Rxe7 28. Rxe7 exf4 29. Nxf4 Nxg5 30. h4 Nh7 31. Rxb7 Rd8 32. Nd5 Nf6 33. Bg5 Re8 34. Bxf6 Rxe4 35. Ne7+ Kh7 36. Bxg7 Kxg7 37. Nd6 Rxh4 38. Nef5+ gxf5 39. Nxf5+ Kg6 40. Nxh4+ Kg5 41. Nf3+ Kf4 42. Rxf7+ Kg4 43. Ne5+ Kg5 44. Rh7 Kf5 45. Rxh5+ Kf6 46. Nc4 Ke6 47. Nxa5 Kd6 48. c4 1-0

[Event "CAN-op U1400"]
[Site "Sault Ste Marie CAN"]
[Date "2017.07.13"]
[Round "5"]
[White "Chen, Alina"]
[Black "Hay, Jonathan"]
[Result "1-0"]
[WhiteElo "670"]
[BlackElo "1002"]
[WhiteFideId "-1"]
[WhiteFideId "-1"]
[PlyCount "87"]
[GameId "2160767739837708"]
[EventDate "2017.07.08"]
[EventType "swiss"]
[EventRounds "9"]
[EventCountry "CAN"]

1. e4 c5 2. Nf3 d6 3. d4 cxd4 4. Nxd4 Nf6 5. Nc3 a6 6. Bc4 e6 7. Bg5 b5 8. Bb3 b4 9. Nce2 h6 10. Bh4 g5 11. Bg3 Nxe4 12. O-O a5 13. Ba4+ Bd7 14. Bxd7+ Qxd7 15. Re1 d5 16. a3 bxa3 17. bxa3 Bd6 18. Bxd6 Nxd6 19. Nc3 Nc6 20. Nxc6 Qxc6 21. Nxd5 Kf8 22. Nf6 Ke7 23. Qd4 Qxc2 24. Rac1 Rac8 25. Rxc2 Rxc2 26. h3 Rhc8 27. Nd5+ Kd7 28. Nb6+ Ke7 29. Rb1 R8c6 30. Rb2 R2c3 31. Qa4 R3c5 32. Qd4 e5 33. Re2 Kf6 34. Nd7+ Kg7 35. Rxe5 Rc1+ 36. Kh2 Kg8 37. Nf6+ Kg7 38. Nh5+ Kg6 39. Qd3+ f5 40. Re6+ Kf7 41. Rxd6 Ke7 42. Rxc6 Rxc6 43. Qb5 Rc5 44. Qxc5+ {illegal move (... g4)} 1-0

[Event "CAN-op U1400"]
[Site "Sault Ste Marie CAN"]
[Date "2017.07.13"]
[Round "5"]
[White "Dong, Yiwei"]
[Black "Jiang, Kate"]
[Result "0-1"]
[WhiteElo "1256"]
[BlackElo "875"]
[WhiteFideId "-1"]
[WhiteFideId "-1"]
[PlyCount "102"]
[GameId "2160767908343994"]
[EventDate "2017.07.08"]
[EventType "swiss"]
[EventRounds "9"]
[EventCountry "CAN"]
[SourceTitle "EXT 2022"]
[Source "ChessBase"]
[SourceDate "2021.10.06"]
[SourceVersion "1"]
[SourceVersionDate "2021.10.06"]
[SourceQuality "1"]

1. d4 d5 2. c4 c6 3. Nf3 Nf6 4. Nc3 e6 5. Bg5 Be7 6. e3 Nbd7 7. Bd3 dxc4 8. Bxc4 b5 9. Bd3 a6 10. O-O Bb7 11. Rc1 c5 12. Qc2 Bxf3 13. gxf3 h6 14. Bh4 O-O 15. dxc5 Bxc5 16. Ne4 Be7 17. Bg3 Rc8 18. Qd2 Nxe4 19. Bxe4 Nc5 20. Qxd8 Rfxd8 21. Rfd1 Nxe4 22. fxe4 Rxd1+ 23. Rxd1 Rc2 24. Be5 Bh4 25. f3 Bf2+ 26. Kh1 Bxe3 27. Rd6 a5 28. Rd3 Bc1 29. Rb3 b4 30. Kg1 f6 31. Bd4 e5 32. Bb6 Bxb2 33. Bxa5 Ba3 34. Bxb4 Bxb4 35. Rxb4 Rxa2 36. Rb1 Kf7 37. Rf1 Kg6 38. Rf2 Rxf2 39. Kxf2 Kh5 40. Kg3 g6 41. h3 f5 42. Kg2 Kh4 43. Kh2 h5 44. Kg2 fxe4 45. fxe4 g5 46. Kh2 g4 47. Kg1 gxh3 48. Kh1 Kg3 49. Kg1 Kf3 50. Kh2 Kxe4 51. Kxh3 Kf3 0-1

[Event "CAN-op U1400"]
[Site "Sault Ste Marie CAN"]
[Date "2017.07.13"]
[Round "5"]
[White "Gaur, Shivan"]
[Black "Ai, Amy"]
[Result "1/2-1/2"]
[WhiteElo "1281"]
[BlackElo "1260"]
[WhiteFideId "-1"]
[WhiteFideId "-1"]
[PlyCount "102"]
[GameId "2160767908343995"]
[EventDate "2017.07.08"]
[EventType "swiss"]
[EventRounds "9"]
[EventCountry "CAN"]
[SourceTitle "EXT 2022"]
[Source "ChessBase"]
[SourceDate "2021.10.06"]
[SourceVersion "1"]
[SourceVersionDate "2021.10.06"]
[SourceQuality "1"]

1. d4 d5 2. c4 e6 3. Nc3 Nf6 4. cxd5 exd5 5. Bg5 Be7 6. e3 c6 7. Bd3 Be6 8. Qc2 h6 9. Bh4 Nbd7 10. Nge2 O-O 11. O-O Rc8 12. Rad1 Qc7 13. Bg3 Bd6 14. Bxd6 Qxd6 15. Ng3 Rfe8 16. Qe2 Rcd8 17. Bb1 Nb6 18. f3 Qc7 19. b3 Bd7 20. Qd3 c5 21. Rfe1 a6 22. Qc2 Be6 23. Nce2 Rc8 24. Nf4 cxd4 25. Qxc7 Rxc7 26. Rxd4 Rec8 27. Nge2 Nbd7 28. Nd3 Nc5 29. g4 a5 30. Nef4 b5 31. Rc1 Nxd3 32. Rxc7 Rxc7 33. Nxd3 b4 34. Kf2 Kf8 35. Ke2 Ke7 36. Kd2 Kd6 37. Nf4 Rc8 38. Kd1 g5 39. Nd3 Ke7 40. Nf2 Nd7 41. h3 Rc3 42. Rd3 Rxd3+ 43. Nxd3 Kd6 44. Kd2 Ne5 45. Nxe5 Kxe5 46. Bd3 f6 47. Ke2 Bd7 48. Bc2 Bc6 49. Kd2 Bd7 50. Bd1 Bc6 51. Ke2 Bb5+ 1/2-1/2

[Event "CAN-op U1400"]
[Site "Sault Ste Marie CAN"]
[Date "2017.07.13"]
[Round "5"]
[White "Joseph Benher, Savio"]
[Black "Locham, Divjot"]
[Result "1-0"]
[WhiteElo "1344"]
[BlackElo "1119"]
[WhiteFideId "-1"]
[WhiteFideId "-1"]
[PlyCount "123"]
[GameId "2160767908343997"]
[EventDate "2017.07.08"]
[EventType "swiss"]
[EventRounds "9"]
[EventCountry "CAN"]
[SourceTitle "EXT 2022"]
[Source "ChessBase"]
[SourceDate "2021.10.06"]
[SourceVersion "1"]
[SourceVersionDate "2021.10.06"]
[SourceQuality "1"]

1. e4 e5 2. Nf3 Nc6 3. Bc4 Bc5 4. O-O Nf6 5. d4 Bxd4 6. Nxd4 Nxd4 7. Bg5 h6 8. Bh4 Qe7 9. Na3 O-O 10. f4 Qc5 11. Bxf6 gxf6 12. Qg4+ Kh7 13. Kh1 d5 14. Qh4 dxc4 15. fxe5 f5 16. g4 b5 17. c3 Nc6 18. g5 Qe3 19. Qxh6+ Kg8 20. Qxc6 Qxe4+ 21. Qxe4 fxe4 22. Rae1 a6 23. Nc2 Re8 24. Kg1 Rxe5 25. h4 Bb7 26. Ne3 Bc8 27. Rd1 Be6 28. Rd4 Re8 29. Rf4 Kg7 30. Rdxe4 Rxe4 31. Rxe4 Bd7 32. Rxe8 Bxe8 33. Nd5 a5 34. Nf6 Bc6 35. h5 b4 36. h6+ Kh8 37. Kf2 Ba4 38. Ke3 c5 39. Ke4 Bc6+ 40. Ke5 a4 41. a3 bxa3 42. bxa3 Bf3 43. Kd6 Bd1 44. Kxc5 Bb3 45. Kb5 Ba2 46. Kxa4 Bb3+ 47. Kb4 Ba2 48. a4 Bb1 49. Kxc4 Bd3+ 50. Kb4 Bb5 51. Ng4 Bd7 52. Ne5 Be6 53. Nxf7+ Bxf7 54. a5 Kh7 55. c4 Kg6 56. a6 Kh7 57. a7 Bg6 58. a8=Q Bh5 59. Qb7+ Kg6 60. Qg7+ Kf5 61. h7 Bg6 62. h8=Q 1-0

[Event "CAN-op U1400"]
[Site "Sault Ste Marie CAN"]
[Date "2017.07.13"]
[Round "5"]
[White "Lu, Lucas Yunkun"]
[Black "Paquin, Jeremy"]
[Result "1/2-1/2"]
[WhiteElo "1299"]
[BlackElo "1184"]
[WhiteFideId "-1"]
[WhiteFideId "-1"]
[PlyCount "114"]
[GameId "2160767908343998"]
[EventDate "2017.07.08"]
[EventType "swiss"]
[EventRounds "9"]
[EventCountry "CAN"]
[SourceTitle "EXT 2022"]
[Source "ChessBase"]
[SourceDate "2021.10.06"]
[SourceVersion "1"]
[SourceVersionDate "2021.10.06"]
[SourceQuality "1"]

1. e4 e6 2. d4 d5 3. exd5 exd5 4. Nc3 c6 5. h3 Nf6 6. Nf3 Bf5 7. Bd3 Bxd3 8. Qxd3 Bd6 9. O-O O-O 10. Re1 Nbd7 11. a3 Qc7 12. Bg5 a5 13. Bxf6 Nxf6 14. a4 Rfe8 15. Rxe8+ Rxe8 16. Rb1 b6 17. Rd1 h6 18. Rb1 Qc8 19. Ne2 Ne4 20. c4 dxc4 21. Qxc4 Qd7 22. Nc3 Nf6 23. Rd1 Rc8 24. Ne5 Qb7 25. Nf3 Nd5 26. Rc1 Bf4 27. Re1 Qc7 28. Nxd5 cxd5 29. Qxd5 Rd8 30. Qe4 Bc1 31. Qb1 Bf4 32. b4 axb4 33. Qxb4 Ra8 34. Rb1 Ra6 35. Qb5 Qb7 36. a5 Bc7 37. Qe8+ Kh7 38. axb6 Bxb6 39. Re1 Ra7 40. h4 Ba5 41. Rf1 Ra8 42. Qe5 Bc7 43. Qf5+ Kg8 44. Rb1 Qa6 45. Qc5 Qa1 46. Rc1 Bf4 47. Rf1 Qb2 48. d5 Rd8 49. g3 Bd6 50. Qa5 Re8 51. Qa6 Qf6 52. Kg2 Rd8 53. Qc4 g5 54. hxg5 hxg5 55. Qg4 Be7 56. Kh1 Rxd5 57. Qh5 Qg7 1/2-1/2

[Event "CAN-op U1400"]
[Site "Sault Ste Marie CAN"]
[Date "2017.07.13"]
[Round "5"]
[White "Mainville, Yanic"]
[Black "Yang, Henry"]
[Result "0-1"]
[WhiteElo "1148"]
[BlackElo "1318"]
[WhiteFideId "-1"]
[WhiteFideId "-1"]
[PlyCount "74"]
[GameId "2160767908343999"]
[EventDate "2017.07.08"]
[EventType "swiss"]
[EventRounds "9"]
[EventCountry "CAN"]
[SourceTitle "EXT 2022"]
[Source "ChessBase"]
[SourceDate "2021.10.06"]
[SourceVersion "1"]
[SourceVersionDate "2021.10.06"]
[SourceQuality "1"]

1. e4 e5 2. Nf3 Nc6 3. d4 exd4 4. Nxd4 Bc5 5. Be3 Qf6 6. c3 Nge7 7. Bc4 d6 8. O-O Bb6 9. Kh1 O-O 10. Na3 Nxd4 11. cxd4 Nc6 12. Nc2 Bd7 13. f4 Rfe8 14. e5 Qg6 15. Be2 Bf5 16. Ne1 dxe5 17. fxe5 Rad8 18. Nf3 Bg4 19. Nh4 Bxe2 20. Qxe2 Qe6 21. Nf3 Nxd4 22. Bxd4 Bxd4 23. Ng5 Qg6 24. Nxf7 Rd7 25. Qc4 Qe6 26. Qxe6 Rxe6 27. Ng5 Rxe5 28. Nf3 Ree7 29. Nxd4 Rxd4 30. b3 Rd2 31. Kg1 Ree2 32. Rf3 Rxg2+ 33. Kf1 Rxh2 34. Ke1 Rxa2 35. Rd1 Rae2+ 36. Kf1 Rd2 37. Re1 Rh1# 0-1

[Event "CAN-op U1400"]
[Site "Sault Ste Marie CAN"]
[Date "2017.07.13"]
[Round "5"]
[White "Vo, Peter"]
[Black "Qiu, James"]
[Result "1-0"]
[WhiteElo "1362"]
[BlackElo "1152"]
[WhiteFideId "-1"]
[WhiteFideId "-1"]
[PlyCount "159"]
[GameId "2160767908344001"]
[EventDate "2017.07.08"]
[EventType "swiss"]
[EventRounds "9"]
[EventCountry "CAN"]
[SourceTitle "EXT 2022"]
[Source "ChessBase"]
[SourceDate "2021.10.06"]
[SourceVersion "1"]
[SourceVersionDate "2021.10.06"]
[SourceQuality "1"]

1. e4 e6 2. d4 d5 3. Nd2 Nf6 4. e5 Nfd7 5. Bd3 c5 6. c3 Nc6 7. Ne2 Be7 8. O-O O-O 9. Qc2 g6 10. Qd1 Qb6 11. Qb3 Qd8 12. Bb5 Bh4 13. Nf3 a6 14. Bxc6 bxc6 15. g3 c4 16. Qc2 Be7 17. Bh6 Re8 18. Qd2 f6 19. exf6 Nxf6 20. Qc2 Ng4 21. Bf4 Bd6 22. Bxd6 Qxd6 23. Nf4 e5 24. Rfe1 Bf5 25. dxe5 Nxe5 26. Qd1 Bg4 27. Re3 Nxf3+ 28. Rxf3 Bxf3 29. Qxf3 Qc5 30. Qg4 Rf8 31. Rf1 Qb6 32. Qe6+ Rf7 33. Nxd5 Qxb2 34. Qxc6 Raf8 35. Qxa6 Rxf2 36. Qe6+ R8f7 37. Qe8+ Kg7 38. Qe5+ Kh6 39. Qe3+ Kh5 40. Rxf2 Qb1+ 41. Kg2 Rxf2+ 42. Qxf2 Qb7 43. Qf3+ Kh6 44. Nb4 Qd7 45. Qf4+ Kg7 46. Qd4+ Qxd4 47. cxd4 Kf6 48. Kf3 Ke6 49. Ke4 Kd6 50. a4 h5 51. h4 Kc7 52. Kd5 c3 53. Kc4 c2 54. Nxc2 Kc8 55. Kc5 Kc7 56. d5 Kd7 57. a5 g5 58. hxg5 h4 59. gxh4 Kc7 60. d6+ Kd7 61. a6 Kc8 62. Kc6 Kd8 63. d7 Ke7 64. Kc7 Ke6 65. d8=Q Ke5 66. Qd6+ Kf5 67. Ne3+ Ke4 68. Qd5+ Kxe3 69. Qc4 Kf3 70. Qd4 Kg3 71. Qe4 Kf2 72. Qd3 Kg2 73. Qa3 Kf2 74. Kd6 Ke2 75. Ke5 Kd2 76. Kd4 Ke2 77. Qe3+ Kd1 78. Qf2 Kc1 79. Kc3 Kb1 80. Qb2# 1-0

[Event "CAN-op U1400"]
[Site "Sault Ste Marie CAN"]
[Date "2017.07.13"]
[Round "5"]
[White "Wang, Daniel Z"]
[Black "Warusa, Kalan"]
[Result "1-0"]
[WhiteElo "980"]
[BlackElo "836"]
[WhiteFideId "-1"]
[WhiteFideId "-1"]
[PlyCount "69"]
[GameId "2160767908344002"]
[EventDate "2017.07.08"]
[EventType "swiss"]
[EventRounds "9"]
[EventCountry "CAN"]

1. e4 c5 2. c3 d6 3. d4 cxd4 4. cxd4 Nf6 5. Nc3 g6 6. Nf3 Bg7 7. Bc4 O-O 8. O-O Nc6 9. Bf4 a6 10. a3 Qc7 11. Re1 Nxd4 12. Qxd4 e5 13. Nxe5 Nh5 14. Bd2 Bxe5 15. Qd3 Bg7 16. Rad1 Rd8 17. Nd5 Qc5 18. Be3 Qa5 19. b4 Qa4 20. Nb6 Qc6 21. Nxa8 Bg4 22. f3 Bxf3 23. gxf3 Rxa8 24. Qd5 Qxd5 25. Rxd5 Rd8 26. Red1 Bf8 27. e5 b5 28. Bb3 Be7 29. exd6 Bf6 30. d7 Bb2 31. Bb6 Rb8 32. d8=Q+ Rxd8 33. Rxd8+ Kg7 34. Bd4+ f6 35. Bxb2 1-0

[Event "CAN-op U1400"]
[Site "Sault Ste Marie CAN"]
[Date "2017.07.13"]
[Round "5"]
[White "Wang, David"]
[Black "Cameron, Brian"]
[Result "1-0"]
[WhiteElo "1263"]
[BlackElo "900"]
[WhiteFideId "-1"]
[WhiteFideId "-1"]
[PlyCount "23"]
[GameId "2160767908344003"]
[EventDate "2017.07.08"]
[EventType "swiss"]
[EventRounds "9"]
[EventCountry "CAN"]
[SourceTitle "EXT 2022"]
[Source "ChessBase"]
[SourceDate "2021.10.06"]
[SourceVersion "1"]
[SourceVersionDate "2021.10.06"]
[SourceQuality "1"]

1. e4 e5 2. Nf3 Nc6 3. Bc4 Bc5 4. c3 Nf6 5. d3 d6 6. Nbd2 Bg4 7. Nf1 h6 8. h3 Bxf3 9. Qxf3 Qd7 10. Ng3 g6 11. Qxf6 Rf8 12. Bxh6 1-0

[Event "CAN-op U1400"]
[Site "Sault Ste Marie CAN"]
[Date "2017.07.13"]
[Round "5"]
[White "Yuan, Henry"]
[Black "Chen, Andrew2"]
[Result "1-0"]
[WhiteElo "961"]
[BlackElo "1009"]
[WhiteFideId "-1"]
[WhiteFideId "-1"]
[PlyCount "133"]
[GameId "2160767908344004"]
[EventDate "2017.07.08"]
[EventType "swiss"]
[EventRounds "9"]
[EventCountry "CAN"]
[SourceTitle "EXT 2022"]
[Source "ChessBase"]
[SourceDate "2021.10.06"]
[SourceVersion "1"]
[SourceVersionDate "2021.10.06"]
[SourceQuality "1"]

1. e4 c5 2. Nf3 d6 3. Bb5+ Bd7 4. Bxd7+ Nxd7 5. O-O e5 6. c3 Ngf6 7. Re1 Be7 8. d4 Qc7 9. Na3 O-O 10. Bg5 h6 11. Bd2 Qb6 12. Nc4 Qb5 13. b3 Qc6 14. dxe5 Nxe4 15. exd6 Bxd6 16. Rxe4 Qxe4 17. Nxd6 Qc6 18. Bf4 Rad8 19. c4 Nf6 20. Qc2 Rxd6 21. Bxd6 Qxd6 22. Rd1 Qc7 23. h3 Re8 24. Qf5 Re2 25. Rd2 Rxd2 26. Nxd2 b6 27. Ne4 Nxe4 28. Qxe4 Qd6 29. Qa8+ Kh7 30. Qxa7 Qd1+ 31. Kh2 Qd6+ 32. g3 Qd2 33. Kg2 f6 34. Qxb6 Qxa2 35. Qxc5 Qxb3 36. Qf5+ g6 37. Qd7+ Kh8 38. Qe8+ Kg7 39. Qe7+ Kg8 40. Qxf6 Qxc4 41. Qxg6+ Kf8 42. Qxh6+ Kf7 43. Qf4+ Qxf4 44. gxf4 Kg6 45. Kg3 Kf5 46. h4 Kg6 47. Kg4 Kh6 48. f5 Kg7 49. Kg5 Kf7 50. h5 Kg7 51. f4 Kh7 52. f6 Kg8 53. Kg6 Kh8 54. Kf7 Kh7 55. Ke7 Kh6 56. f7 Kh7 57. h6 Kh8 58. h7 Kg7 59. f8=Q+ Kg6 60. h8=N+ Kh5 61. Qg7 Kh4 62. f5 Kh5 63. f6 Kh4 64. f7 Kh5 65. f8=Q Kh4 66. Qf4+ Kh3 67. Qgg3# 1-0

[Event "CAN-op U1400"]
[Site "Sault Ste Marie CAN"]
[Date "2017.07.13"]
[Round "5"]
[White "Zhao, Eric"]
[Black "Gaisinsky, Jacob"]
[Result "1-0"]
[WhiteElo "928"]
[BlackElo "943"]
[WhiteFideId "-1"]
[WhiteFideId "-1"]
[PlyCount "61"]
[GameId "2160767908344005"]
[EventDate "2017.07.08"]
[EventType "swiss"]
[EventRounds "9"]
[EventCountry "CAN"]
[SourceTitle "EXT 2022"]
[Source "ChessBase"]
[SourceDate "2021.10.06"]
[SourceVersion "1"]
[SourceVersionDate "2021.10.06"]
[SourceQuality "1"]

1. d4 Nf6 2. c4 e6 3. Nc3 Bb4 4. Nf3 O-O 5. a3 Ba5 6. b4 Bb6 7. c5 Bxc5 8. dxc5 b6 9. cxb6 axb6 10. e3 Bb7 11. Bb2 c5 12. Be2 d5 13. O-O Nc6 14. bxc5 bxc5 15. Na4 Nd7 16. Qc2 Qa5 17. Bd1 Ba6 18. Bc3 Qc7 19. Re1 Bb5 20. Nb2 e5 21. Qb3 Na7 22. Qxd5 Rac8 23. Bc2 Rfe8 24. Ng5 Nf6 25. Qf3 Bc6 26. Qh3 h6 27. Nf3 Bd7 28. Qg3 Nh5 29. Qh4 Nf6 30. Nc4 g5 31. Qxh6 1-0

[Event "CAN-op U1400"]
[Site "Sault Ste Marie CAN"]
[Date "2017.07.13"]
[Round "5.58"]
[White "Mukherjee, Pranoy"]
[Black "Wang, Daniel1"]
[Result "0-1"]
[WhiteElo "1048"]
[BlackElo "1285"]
[WhiteFideId "-1"]
[WhiteFideId "-1"]
[PlyCount "54"]
[GameId "2160767908344006"]
[EventDate "2017.07.08"]
[EventType "swiss"]
[EventRounds "9"]
[EventCountry "CAN"]
[SourceTitle "EXT 2022"]
[Source "ChessBase"]
[SourceDate "2021.10.06"]
[SourceVersion "1"]
[SourceVersionDate "2021.10.06"]
[SourceQuality "1"]

1. d4 Nf6 2. c4 c5 3. Nf3 cxd4 4. Nxd4 e6 5. Nc3 a6 6. Qc2 Nc6 7. e3 Bc5 8. Nxc6 bxc6 9. Bd3 O-O 10. O-O h6 11. e4 d5 12. cxd5 cxd5 13. e5 Nd7 14. Bf4 Bb7 15. a3 Rc8 16. Qe2 Bd4 17. Qg4 Nxe5 18. Bxe5 Bxe5 19. Rac1 d4 20. Ne4 f5 21. Qg6 fxe4 22. Bxe4 Bxe4 23. Qxe4 Rxc1 24. Rxc1 Qf6 25. b4 Qxf2+ 26. Kh1 Qf1+ 27. Rxf1 Rxf1# 0-1